Представление документа в формате RUSMARC

ПолеНазваниеЗначение
  Тип записи a
  Библиографический уровень m
001 Контрольный номер RU/SLIB/B/208729029
005 Дата корректировки 20211115164400.1
010 Индекс ISBN __
d Цена 2-00
100 Данные общей обработки __
a Данные общей обработки 20211115d1989 ma y0rusy028902 ca
101 Язык документа 0_
a Язык текста rus
102 Страна публикации __
a Страна публикации RU
105 Кодированные данные (монография) __
a Кодированные данные (монография) y z 000zb
181 Поле кодированных данных: вид содержания _0
a Код вида содержания (ISBD) i
182 Поле кодированных данных: тип средства _0
a Код типа средства (ISBD) n
200 Заглавие и сведения об ответственности 1_
a Заглавие Уинстон Черчилль
b Общее обозначение материала Текст
210 Выходные данные 1_
a Место издания М.
c Издательство Междунар. отношения
d Дата издания 1989
215 Физическое описание __
a Объем 456 с.
600 Персоналии _1
a Персоналии (Фамилия) Черчилль, У. Л. С.
606 Тематические рубрики __
a Основная рубрика История
y Географическая подрубрика Россия
606 Тематические рубрики __
a Основная рубрика Европа с 1918 г. -
610 Ключевые слова 0_
a Ключевые слова биографии; политики; персоналии
686 Индексы других классификаций __
a Классификационный индекс 63.3(4Вел)6-8; ст63.3(4Вел)-8
700 Автор _1
a Фамилия Трухановский
b Имя В. Г.
4 Код отношения 070
801 Источник записи _0
a Страна RU
b Организация Муниципальное бюджетное учреждение культуры "Централизованная библиотечная система" г. Сургут (Центральная городская библиотека им. А. С. Пушкина)
g Правила каталогизации КиК/Елгина
801 Источник записи _1
a Страна RU
b Организация Муниципальное бюджетное учреждение культуры "Централизованная библиотечная система" г. Сургут (Центральная городская библиотека им. А. С. Пушкина)
g Правила каталогизации КиК/Елгина
852 Данные о местонахождении __
j Шифр хранения 63.3(4Вел)6-8
c Каталожный индекс 63.3(4Вел)-8
i Авторский знак Т 80
p Инвентарный номер 37454
901 Тип документа __
t Тип документа m
990 Данные о заказе (DOS) __
j Количество экземпляров (DOS) 2